000 00429nam a2200169Ia 4500
008 230524s9999 xx 000 0 und d
020 _a9781259006234
082 _bPAT
100 _aSukumar Pati
_942196
245 2 _aA Textbook on Fluid Mechanics and Hydraulic Machanies
250 _a2
260 _aNew Delhi
_bTMH
_c2013
300 _a"XX,22.24p;"
500 _aQuantity Number: 1
650 _aMechanics
942 _cBK
999 _c56547
_d56547